000 00708nam a2200289Ia 4500
005 20260324120318.0
008 008 260324s9999 xx 000 0 eng d
020 _a9781315770253
037 _aEBOOK
040 _aCRL
040 _beng
040 _cCRL
041 _2eng
041 _aeng
084 _qCRL
100 _aSupriya Baily; Sandra L. Stacki
_91158069
245 0 _aEducating Adolescent Girls Around the Globe
245 0 _bChallenges and Opportunities
260 _bTaylor and Francis
260 _c2015
365 _a
365 _b265
856 _uhttp://www.taylorfrancis.com/books/9781315770253
942 _cEBOOK
999 _c1749529
_d1749529